[Event "Benasque op 24th"]
[Site "Benasque"]
[Date "2004.07.05"]
[Round "4"]
[White "Gershon, Alik"]
[Black "Westerinen, Heikki MJ"]
[Result "1-0"]
[WhiteElo "2518"]
[BlackElo "2376"]
[Annotator "Gershon,A"]
[PlyCount "71"]
[EventDate "2004.07.??"]
[EventType "swiss"]
[EventRounds "10"]
[EventCountry "ESP"]
[SourceTitle "CBM 102"]
[Source "ChessBase"]
[SourceDate "2004.09.23"]
[SourceVersion "1"]
[SourceVersionDate "2004.09.23"]
[SourceQuality "1"]

1. d4 e6 2. c4 c5 3. d5 exd5 4. cxd5 d6 5. Nc3 Ne7 {Westerinen's pet system in
the Benoni. But I was ready to meet it.} 6. Bf4 Ng6 7. Bg3 Be7 8. Nf3 O-O 9. h4
Nd7 10. h5 Nge5 11. Bxe5 Nxe5 12. Nxe5 dxe5 13. e4 a6 14. a4 Bd6 15. Be2 ({
Milov tried} 15. g3 {in his game against same opponent.}) 15... Rb8 (15... Qg5
16. g3 {[%cal Gd1c1] an important idea of white's in this position is the Q
exchange by Qc1}) 16. O-O Bd7 17. a5 {[%csl Ra6,Rb7,Rc5]} Qg5 18. Qc1 Qxc1 19.
Rfxc1 $14 {White has a clear game against black weaknesses on the Q side.} Rbc8
20. Nd1 $1 {[%cal Gd1e3,Ge3c4,Gb2b3,Yd1b2,Yb2d3]} Bb5 $4 {Now black is left
with his most stupid piece.} (20... f5 $142 21. exf5 (21. Ne3 $143 fxe4 22. Bg4
Bxg4 23. Nxg4 Rf5) 21... Bxf5 22. Ne3 $14 {[%csl Rc5,Re5]}) 21. Bxb5 axb5 22.
Nc3 b4 23. Na4 {The knight goes to c4. It's more precise than:} (23. Nb5 Rfd8
24. Rc4 Bf8 {the knight on b5 is missplaced.}) 23... Rc7 24. Nb6 Rd8 25. Nc4
Kf8 26. a6 bxa6 27. Rxa6 {[%csl Gc4,Rd6] White has much more active rooks, and
there is no need to even mention the light pieces.} Ke7 28. Rca1 (28. f4 {
It was a pity to give so many good pawns for one stupid bishop} exf4 29. e5
Bxe5 30. Nxe5 Rxd5) 28... Rdd7 29. Kf1 g6 30. hxg6 hxg6 31. Ke2 {No hurry.
White brings the king to the center first, and blocks the Q side pawns, to
ensure that all R endings will be winning for him.} Rb7 32. b3 Bb8 {Nxd6
followed by Rxd6, and Kd3-c4 was threatenning} 33. Na5 {And now white gets to
prove the advantage of his jumpy knight over black B.} Rb5 34. Nc6+ Kf8 35. Ra8
Rdb7 36. R1a7 $1 {the most accurate win} (36. R1a7 R7b6 37. Nxe5 Kg7 38. Rxf7+
Kh6 39. Nc4) 1-0

[Event "ISR-chT"]
[Site "Israel"]
[Date "2002.04.12"]
[Round "8"]
[White "Postny, Evgeny"]
[Black "Gofshtein, Leonid D"]
[Result "0-1"]
[WhiteElo "2533"]
[BlackElo "2498"]
[Annotator "Gofshtein,L"]
[PlyCount "62"]
[EventDate "2002.01.10"]
[EventType "team"]
[EventRounds "11"]
[EventCountry "ISR"]
[SourceTitle "CBM 088"]
[Source "ChessBase"]
[SourceDate "2002.03.21"]
[SourceVersion "1"]
[SourceVersionDate "2002.03.21"]
[SourceQuality "1"]

1. d4 e6 2. c4 c5 3. d5 exd5 4. cxd5 d6 5. Nc3 g6 6. e4 Bg7 7. Nf3 Ne7 {
Rare continuation with main idea to play" f7-f5" trying to capture the
initiative on the kingside as quick as possible.} 8. Be2 a6 (8... O-O {Usual 8.
..0-0 leads to same position after replacing moves.} 9. O-O (9. Bf4 a6 10. O-O
Bg4 11. Nd2 Bxe2 12. Qxe2 Nc8 13. a4 Nd7 $14 {1-0 Kozma,J-Hartoch,R/Wijk aan
Zee 1969/MCD (38)}) 9... Na6 (9... h6 10. Re1 g5 11. Bf1 Nd7 $132 {1/2-1/2
Fernandez Hernandez,G-Nava Pereda,C/Arrasate Mondragon 2001/EXT 2002 (12)}) (
9... a6 10. a4 Bg4 (10... Nd7 11. Bf4 Nf6 12. Nd2 h6 13. Nc4 Ne8 14. a5 f5 15.
e5 $16 {0-1 Elschner,A-Vasilevich,T/Germany 2001/CBM 82 ext (40)}) (10... b6
11. Bf4 Bg4 12. Qd2 Re8 13. Rfe1 Nc8 14. h3 Bxf3 15. Bxf3 Nd7 {[%cal Yd7e5]
1-0 Naumkin,I-Sciortino,M/Montecatini Terme 1999/EXT 2000 (32)}) 11. Nd2 Bxe2
12. Qxe2 Nd7 13. a5 Qc7 14. Nc4 Ne5 $132 {0-1 Naumkin,I-Efimov,I/Bozen 1998/
CBM 65 ext (53)}) 10. Re1 Nc7 11. Bg5 h6 12. Bh4 g5 13. Bg3 f5 14. exf5 Nxf5
$132 {1-0 Aronson,L-Kozlov/Leningrad 1970/EXT 2001 (43)}) 9. a4 O-O {Another
option is immediate 9...f5.} (9... f5 10. O-O O-O 11. e5 dxe5 12. d6 Nec6 $13 {
1-0 Hammes,M-Koch,H/St Ingbert 2001/EXT 2002 (37)}) 10. Bf4 h6 {Deserves
attention 10...Bg4 trying to simplify position.} (10... Bg4 $5 11. Ng5 Bxe2 12.
Qxe2 h6 13. Nf3 g5 14. Bd2 f5 $132 {0-1 Rytov,B-Grigorian,L/Vitebsk 1970/EXT
2001 (23)}) 11. O-O $6 {Allowing all plans of blacks on the kingside come true
immediately.Better was preventing 11.h4.} (11. h3 g5 12. Bh2 Ng6 13. O-O Qf6
14. Nd2 Nd7 15. Ra3 Nde5 $132 {0-1 Malfagia,A-Efimov,I/Italy 2000/EXT 2001 (30)
}) (11. h4 $5 f5 12. Qd2 Kh7 $132) 11... g5 $5 12. Bg3 f5 {[%mdl 4]} 13. exf5
Nxf5 {Black has any difficulties equalizing the game.} 14. Nd2 Nd7 15. Nc4 Nb6
16. Nd2 {White doesn't want to play 16.Ne3 creating weak pawn in their camp
and hinting that they have nothing against draw.} Nxg3 {Black have another
opinion.} 17. hxg3 Bf5 {[%cal Yf5b1,Yg7c3]} 18. Bg4 {With desire to change
black's active bishop.} Qd7 19. Bxf5 Qxf5 {Queen changed the bishop on the
active position.} 20. Nde4 Qg6 $5 {[%cal Yg6d6,Yg6h5,Yg6e4] The prelude to a
very crafty trap in which white unexpectably find themselves some moves later.}
21. Qb3 {"Fish swallowed the bait!"} Nd7 {[%mdl 512]} 22. Qxb7 Ne5 {[%cal
Ye5g4,Rg6h5,Yh5h2] The blacks threats Qg6-h5 and Ne5-g4 become obvious enough.}
23. Qe7 Rae8 $1 {[%mdl 512] Brinning the last peace to the centre of action.}
24. Qxd6 Qh5 $40 25. f3 {Only move preventing immediate Ne5-g4.} g4 $1 {
[%mdl 128] Destroying the defence of white's on the kingside.The weakness of
black squares and abcense of dark square bishop became the decisive factor in
result of this game.} 26. f4 Nd3 27. Nf2 {In the case of 27.Qa6 black could
win with spectaculous sacrifice.} (27. Qxa6 Bd4+ 28. Nf2 Nxf2 29. Rxf2 Rxf4 $1
30. gxf4 g3 $19) 27... Bd4 28. Qd7 {Trying to defend from the threat 28...Rf4
29.gf g3 by means of 30.Qh3.But black has another way to victory.} (28. Rad1
Rxf4 $1 29. gxf4 (29. Rxd3 Bxf2+ 30. Rxf2 Re1+) 29... g3 $19) 28... Re3 $1 {
[%cal Ye3g3]} 29. Rad1 Nxf2 30. Rxf2 Rfe8 $19 31. Rdf1 Re1 0-1

[Event "ISR-chT"]
[Site "Israel"]
[Date "2001.02.10"]
[Round "1"]
[White "Golod, Vitali"]
[Black "Shevelev, Arkady"]
[Result "1/2-1/2"]
[WhiteElo "2591"]
[BlackElo "2364"]
[Annotator "Golod,V"]
[PlyCount "55"]
[EventDate "2001.02.??"]
[EventType "team"]
[EventRounds "11"]
[EventCountry "ISR"]
[SourceTitle "CBM 082"]
[Source "ChessBase"]
[SourceDate "2001.05.17"]
[SourceVersion "1"]
[SourceVersionDate "2001.05.17"]
[SourceQuality "1"]

1. d4 Nf6 2. Nf3 c5 3. d5 b5 4. Bg5 d6 $5 {This continuation Arkadij almost
always chooses in this position} 5. e4 $5 {Rare move.I specially have prepared
it to this party.} (5. Bxf6 $5 {It's main line.}) 5... a6 $5 ({There are two
alternatives:} 5... Nxe4 $5 6. Bxb5+ Bd7 7. Bd3 Nxg5 (7... Nf6 $6 8. O-O g6 9.
Bxf6 exf6 10. Qd2 h5 11. Re1+ Be7 12. b4 cxb4 13. Qxb4 $16 {[%csl Ra8][%cal
Gb4b7] Maksimenko,A-Malakhatko,V/Donetsk,1998 (1/2-1/2)(64)}) 8. Nxg5 e5 9.
dxe6 Qxg5 10. exd7+ Nxd7 11. O-O Be7 12. Nc3 O-O 13. Nd5 {+/=/= Boersma,
P-Ermenkov,E/Amsterdam,1985 (0-1)(39)}) ({and} 5... Qa5+ 6. Qd2 (6. Bd2 $143
Qb6 {[%csl Re4]}) 6... Qb6 7. a4 $5 (7. Qe2 $143 a6 8. a4 bxa4 9. c3 g6 10.
Bxf6 exf6 11. Na3 Bh6 12. Nc4 Qc7 $15 {Nechaev,A-Maksimenko,A/Donetsk,1998 
(0-1)(64)}) (7. Bxf6 $5 exf6 8. a4 b4 $6 (8... bxa4 $142) 9. Bb5+ Nd7 10. O-O
$14 {Vaulin,A-Shinkevich,V/Omsk-Perm,1998(1-0)(24)}) 7... bxa4 8. Nc3 g6 9. e5
dxe5 10. Nxe5 Bg7 11. Bb5+ Nfd7 12. Nc4 $14 {Neverov,V-Malakhatko,V/Donetsk,
1998(1-0)(26)}) 6. Nbd2 g6 7. a4 $5 {From my point of view,it's better,than:} (
7. c3 Bg7 8. a4 {that three times,at least,were checked in practic.}) 7... b4
8. Bd3 $5 {Looks rather logically.There is no sense to give back mine bishop:}
(8. Bxf6 exf6 {transfer to- 5.Bxf6}) 8... Bg7 9. Nc4 $5 $146 ({Was checked in
the previous game:} 9. h3 $5 {[%csl Yh3][%cal Yh3g4]} a5 (9... h6 $5 10. Be3
$14 (10. Bh4 $2 g5 11. Bg3 Nh5 {[%csl Rb2,Rg3,Gg7,Gh5]})) 10. O-O O-O 11. c4 (
11. Nc4 $5 $14) 11... Nbd7 12. Qc2 $11 {Bernard,C-Desmoitier,J/Montpellier,
1991 (0-1)(48)}) 9... Bg4 10. h3 Bxf3 11. Qxf3 O-O $6 {Now I can begin attack
on king side,using a mine rook on "h1".Though,after:} (11... Nbd7 {at a black
has a problem with translation Nf6 on a successful point.}) 12. h4 $1 $40 {
[%mdl 128]} Nbd7 ({Badly:} 12... h6 $2 13. Bxf6 Bxf6 (13... exf6 14. h5 $16)
14. h5 $16 {[%csl Rg8]}) 13. h5 $5 {I go forward and only forward.} ({Also
possibly:} 13. g4 e6 14. O-O-O $14) 13... Nxh5 ({Again badly:} 13... h6 {
in view of:} 14. Bxf6 Nxf6 15. hxg6 fxg6 16. Qg3 {[%csl Rg8]}) (13... Ne5 $2
14. Nxe5 dxe5 15. hxg6 fxg6 16. Qh3 $16) 14. Rxh5 $5 {The rather courageous
decision.} ({Can be recommended:} 14. Qh3 Nhf6 $140 (14... Re8 $2 15. Nxd6 Bxb2
16. Rb1 Bc3+ 17. Kf1 Rf8 18. Nc4 $40) 15. O-O-O $1 {(Huzman,A) with almost
free-of-charge attack.} (15. g4 $5 Re8 (15... h5 $2 16. gxh5 Nxh5 17. Be2 f6
18. Be3 Qe8 19. f4 $1 {[%csl Rh5][%cal Gf4f5]}) 16. O-O-O (16. Bxf6 $6 Nxf6 17.
g5 Nh5 18. Be2 e6 $132) 16... Nf8 17. f4 $40)) 14... f6 $1 {This only move
Arkadij has made almost instantly.} (14... gxh5 $2 15. e5 {[%csl Rg8][%cal
Gf3f5]} Re8 (15... Nxe5 $2 16. Nxe5 dxe5 17. Qf5 Re8 18. Qxh7+ Kf8 19. Bh6 Bxh6
$140 20. Qh8#) (15... f5 $143 16. exd6 Bf6 17. Bh6 (17. Qxf5 $4 Bc3+) 17... Bg7
18. Qg3 Rf7 19. Bxf5 h4 20. Qg5 $16 {[%csl Rf7,Rg8][%cal Gf5e6]}) (15... f6 $2
16. Qxh5 f5 $8 17. exd6 $16) 16. Qxh5 Nf8 17. O-O-O $40 {[%csl Rg8][%cal Gd1h1]
} (17. Nxd6 $2 exd6 $1 18. Bxd8 Rxe5+ 19. Qxe5 Bxe5 20. Bc7 Bxb2 21. Rb1 Be5
$15)) 15. Rxh7 $6 {[%mdl 512] Too optimistically.} ({Pretty dubious:} 15. Bh6
$2 gxh5 16. Qg3 Rf7 17. Be2 {[%csl Rf7][%cal Ge2h5]} (17. Ne3 Kh8 $17) 17... h4
$1 $17) ({i} 15. e5 $2 fxg5 16. Qh3 gxh5 17. Qxh5 h6 18. Qg6 Rf4 {with the
best edition for black than in a game}) (15. Rh2 $5 {An interesting idea which
was mentioned by Huzman,A after the game.} fxg5 16. Qh3 h6 $1 (16... Nf6 $2 17.
Qe6+ Rf7 (17... Kh8 $2 18. e5 {[%csl Gc4,Rh8]}) 18. e5 Nh5 19. Rxh5 gxh5 20.
Bxh7+ Kf8 21. Bg6 Rf4 22. g3 $18 {[%csl Yf4,Rf8][%cal Gg3f4]}) (16... Rf6 $6
17. Qxh7+ Kf7 18. Qh3 $16 (18. Be2 $5 {(Roiz,M)} Qh8 19. Bg4 $16) 18... Qh8
$140 19. Qg3 {[%csl Rh2][%cal Yg3h2] For this purpose white played-15.Rh2}) 17.
Qe6+ Kh7 18. e5 Qe8 $1 $13 19. exd6 $140 Rf6 20. Qxe7 Rxd6 21. Qe3 $13) 15...
Kxh7 {Arkadij quietly takes away all that I offer.} ({A much worse:} 15... fxg5
{because of:} 16. Qh3 Nf6 $140 {[%csl Rh7]} (16... g4 $143 17. Qh4 Nf6 18. e5
Nxh7 (18... dxe5 $143 19. Bxg6 Qxd5 20. Ne3 $18 {[%csl Rg8][%cal Ge3f5]}) 19.
Bxg6 Ng5 20. Qxg5 $40) 17. e5 $1 Nxh7 18. Bxg6 Nf6 19. Qe6+ Kh8 20. Qh3+ (20.
O-O-O $6 Bh6 {[%cal Gh8g7]}) (20. exf6 Rxf6 21. Qh3+ Kg8 22. Bf5 Rh6 23. Be6+
Kh8 $15) 20... Kg8 $13) 16. e5 {[%csl Rh7][%cal Gf3h5]} fxg5 (16... Kg8 $143
17. Qh3 $44 (17. Bxg6 $2 fxg5 18. Qh5 Rf4 $17)) 17. Qh5+ (17. Qh3+ $2 Bh6 18.
Ke2 {[%cal Ga1h1]} (18. O-O-O $4 g4+ {[%csl Rc1,Gh3,Gh6]}) 18... Kg7 (18... Rf4
$5 {[%csl Yf4]}) 19. Rh1 Rh8 $19) 17... Kg8 $8 18. Qxg6 (18. Bxg6 $143 Rf4 {
and it is not clear how to attack further.}) 18... Rf4 $1 {This protective
resource I have underestimated beforehand.} (18... Nxe5 $4 19. Qh7+ Kf7 20.
Nxe5+ dxe5 (20... Ke8 21. Qg6+) 21. Qh5+ Kg8 (21... Kf6 22. Qg6#) 22. Bh7+ Kh8
23. Bg6+ Bh6 24. Qxh6+ Kg8 25. Qh7#) (18... Nf6 $2 19. exf6 Rxf6 $8 (19... exf6
$4 20. Qh7+ Kf7 21. Bg6+ Ke7 22. Qxg7+ Rf7 23. Qxf7#) 20. Qxg5 $44) 19. Qe6+
Kh8 $1 {And again black find best continuation.} ({Very badly:} 19... Kf8 $2 {
because of:} 20. Bh7 $1 Rf7 (20... Ke8 $4 21. Nxd6+ Kf8 22. Qg8#) 21. Bg6 Qe8 (
21... Rf4 $2 22. g3 Rf3 23. Ke2 g4 24. Qxg4 $16) 22. Bxf7 Qxf7 23. Qxf7+ (23.
Qxd7 $6 Qxd5 $132) 23... Kxf7 24. e6+ Kg6 (24... Ke8 $2 25. exd7+ Kxd7 $4 26.
Nb6+ $18 {[%csl Ra8,Rd7]}) 25. exd7 Rd8 26. Kd2 (26. Nb6 Bxb2 27. Rb1 Bc3+ 28.
Ke2 c4 $1 $11) 26... Rxd7 27. Re1 $14) 20. g3 Rxc4 $1 21. Ke2 $2 {[%mdl 8192]
After this mistake my position became hopeless.} ({Loses right away:} 21. O-O-O
{in view of:} Nxe5 22. f4 $140 {[%csl Rc4][%cal Gd1h1]} Nxd3+ 23. Kb1 Bf6 $19)
({It was necessary:} 21. Qh3+ $1 Kg8 (21... Rh4 $2 22. gxh4 g4 23. Qxg4 $40
Nxe5 24. Qh5+ Kg8 25. Bf5 {[%csl Re6,Rg8][%cal Gf5e6]} Nf7 (25... Qe8 $2 26.
Qh7+ Kf8 27. Be6 Nf7 28. Kd2 $18 {[%cal Ga1g1]}) 26. Qh7+ Kf8 27. Be6 $16) 22.
Qh7+ Kf8 23. Qf5+ Kg8 24. Qh7+ $11) 21... Nf8 $1 (21... Rh4 $2 22. gxh4 Nf8 23.
Qh3 $44) (21... Nxe5 $4 22. f4 $18 {[%csl Rc4][%cal Ga1h1]}) 22. Qh3+ Kg8 (
22... Rh4 $2 23. gxh4 $40) 23. Rh1 {I try to confuse my contender and at me it
it turns out.} (23. Bxc4 $143 Bxe5 {-/+/-+}) 23... dxe5 $1 (23... Bxe5 $143 24.
Bxc4 (24. Bh7+ $2 Nxh7 25. Qxh7+ Kf8 26. Qh6+ Ke8 $19 {[%cal Ye8d7]}) 24... Qe8
{-/+/-+}) (23... Rh4 $143 24. gxh4 dxe5 {[%csl Rd5][%cal Gd8d5]} 25. Qg2 $1 $17
) 24. Bh7+ Nxh7 $2 {[%mdl 8192] This mistake lets out a win.} (24... Kf7 $1 25.
Qh5+ Kf6 26. Qf3+ Rf4 27. gxf4 exf4 $19) 25. Qxh7+ Kf8 ({The beautiful drawn
game turns out ,after:} 25... Kf7 26. Qf5+ Bf6 27. Rh7+ Ke8 28. Qg6+ Kd7 29.
Qxf6 Rc8 (29... Kc8 $2 30. Rxe7 $40 {[%csl Rc8]}) 30. Qe6+ Kc7 31. Rxe7+ Kb8
32. Re8 $1 Qxe8 (32... Qc7 $2 33. d6 {[%csl Rc4,Gd6,Ge6][%cal Gd6d7,Ge6c4]})
33. Qb6+ Ka8 34. Qxa6+ $11) 26. Qf5+ Kg8 $8 (26... Ke8 $2 27. Qg6+ Kf8 (27...
Kd7 $4 28. Qc6#) 28. Rh7 $1 (28. Qf5+ $11) 28... Rxc2+ 29. Kf1 Rc1+ 30. Ke2
Rc2+ 31. Ke3 Qd6 32. Qxg7+ Ke8 33. Qg8+ Kd7 34. Qxa8 $40 {[%csl Rd7]}) (26...
Bf6 $4 27. Rh8+ Kf7 28. Qh7+ Bg7 29. Qh5+ $1 Kf6 $140 30. Rxd8 Rxd8 31. Qf3+ {
[%csl Rc4]} Rf4 (31... Kg6 32. Qd3+) 32. gxf4 exf4 33. Qe4 $16) 27. Qe6+ Kf8
28. Qf5+ {Despite the mistakes the game was very interesting.} 1/2-1/2